000 00285nam a22001337a 4500
008 170614b xxu||||| |||| 00| 0 eng d
020 _a0804710309
041 _aeng
080 _a32
100 _a19
101 _aSHP
245 _aDAILY LIFE IN RUSSIA
_cTROYAT, H
942 _2udc
_cBK
999 _c17341
_d17341